Biografia del R. P. Fray Martin Sarmiento y noticia de sus obras impresas y manuscritas... : con indicación de los archivos y bibliotecas en donde se hallan... / (Record no. 23428)

MARC details
000 -LEADER
campo de control de longitud fija 00861nam a2200205 i 4500
001 - NÚMERO DE CONTROL
campo de control 23428
003 - IDENTIFICADOR DE NÚMERO DE CONTROL
campo de control ES-MaACL
005 - FECHA Y HORA DE LA ÚLTIMA TRANSACCIÓN
campo de control 20250723051202.0
007 - CAMPO FIJO DE DESCRIPCIÓN FÍSICA--INFORMACIÓN GENERAL
campo de control de longitud fija t|
008 - DATOS DE LONGITUD FIJA--INFORMACIÓN GENERAL
campo de control de longitud fija 021210s1884 sp ||||1| spa d
100 1# - ENTRADA PRINCIPAL--NOMBRE DE PERSONA
Nombre de persona Alvarez Giménez, Emilio.
9 (RLIN) 20821
245 10 - MENCIÓN DEL TÍTULO
Título Biografia del R. P. Fray Martin Sarmiento y noticia de sus obras impresas y manuscritas... : con indicación de los archivos y bibliotecas en donde se hallan... /
Mención de responsabilidad, etc. original de Emilio Alvarez Gimenez.
260 ## - PUBLICACIÓN, DISTRIBUCIÓN, ETC.
Lugar de publicación, distribución, etc. Pontevedra :
Nombre del editor, distribuidor, etc. [s.n.],
Fecha de publicación, distribución, etc. 1884 (
Fabricante Imp. de José Millan)
300 ## - DESCRIPCIÓN FÍSICA
Extensión 47 p., [1] de lam. de grab. ;
Dimensiones 22 cm.
500 ## - NOTA GENERAL
Nota general Obra premiada en los Juegos Florales de Pontevedra de agosto de 1884.
500 ## - NOTA GENERAL
Nota general Las h. de grab. calc.: " Fray Martín Sarmiento"
600 04 - PUNTO DE ACCESO ADICIONAL DE MATERIA--NOMBRE DE PERSONA
Nombre de persona Martín Sarmiento,
Títulos y otros términos asociados al nombre Fray,
Fechas asociadas al nombre 1695-1772
9 (RLIN) 166281
852 ## - LOCALIZACIÓN
Ubicación ES-MaACL
Número de control de estantería 1521-F-2
Holdings
Estatus retirado Estado de pérdida Estado de daño No para préstamo Colección Biblioteca de origen Biblioteca actual Ubicación en estantería Fecha de adquisición Fuente de adquisición Total de préstamos Signatura topográfica completa Código de barras Visto por última vez Precio de reemplazo Tipo de ítem Koha
        Colección de folletos Biblioteca del Ateneo de Madrid Biblioteca del Ateneo de Madrid Depósito folletos 17/01/2008     1521-F-2 1024139 23/02/2023 23/02/2023 Folleto